000 00866nam a2200229Ia 4500
005 20250622124034.0
008 250617s9999||||xx |||||||||||||| ||ara||
020 _a9789933567453
082 0 4 _a"658,04"
_bم م
100 0 _aمصطفى يوسف كافى
245 1 0 _aمسرعات الأعمال :
_bفى إدارة المشاريع الريادية الصغيرة والناشئة /
_cمصطفى يوسف كافى
250 _aط1
260 3 _aدمشق :
_b"دار عقل للنشر والدراسات والترجمة،"
_c2022.
300 _a308ص ؛
_b
_c24سم.
650 _aاتخاذ القرارات
650 _aالتنمية الإدارية
650 _aالقيادة الإدارية
650 _aالمشروعات
_x تنظيم وإدارة
650 _aتخطيط الإنتاج
942 _cBK
999 _c67618
_d67618